[Event "Knighthood Blitz"]
[Site "Vishy Anand Arena"]
[Date "2020.08.01"]
[Round "9"]
[White "himplanet"]
[Black "Sohamshirode28"]
[Result "1-0"]
[WhiteElo "2111"]
[BlackElo "1548"]
[Annotator "NA"]
[PlyCount "57"]
[EventDate "2020.08.01"]
[EventType "swiss (blitz)"]

1. e3 e6 2. d4 d5 3. Bd3 Nf6 4. f4 Bd6 5. Nf3 c5 6. c3 Nc6 7. O-O O-O 8. Bd2 h6 9. Ne5 Bd7 10. Be1 Ne4 11. Nd2 f5 12. Ndf3 c4 13. Bc2 Bxe5 14. dxe5 Qb6 15. Nd4 Rab8 16. Rb1 Nxd4 17. exd4 a5 18. h3 Ra8 19. Kh2 a4 20. a3 Rfe8 21. g4 Rf8 22. gxf5 exf5 23. Rg1 Be6 24. Bh4 Qc7 25. Qh5 b5 26. Qxh6 Qf7 27. Rg2 Rae8 28. Rbg1 Rc8 29. Rxg7+ 1-0

[Event "Knighthood Blitz"]
[Site "Vishy Anand Arena"]
[Date "2020.08.01"]
[Round "9"]
[White "Bestluck"]
[Black "Fire_on_board"]
[Result "0-1"]
[WhiteElo "2099"]
[BlackElo "2162"]
[PlyCount "62"]
[EventDate "2020.08.01"]
[EventType "swiss (blitz)"]

1. d4 Nf6 2. Nf3 b6 3. g3 Bb7 4. Bg2 e6 5. O-O Be7 6. c4 O-O 7. Nc3 d5 8. Ne5 Nbd7 9. cxd5 exd5 10. Nd3 Ne4 11. Nf4 Ndf6 12. Be3 a5 13. Nxe4 Nxe4 14. Rc1 Bd6 15. Qc2 Rc8 16. Nxd5 Bxd5 17. Bxe4 Bxe4 18. Qxe4 f5 19. Qd5+ Kh8 20. Rc2 f4 21. gxf4 Rf6 22. Kh1 Qd7 23. Rg1 Rh6 24. Qf3 Qf5 25. d5 Qxc2 26. Bd4 Rg6 27. Rg4 Re8 28. f5 Rxg4 29. Qxg4 Qe4+ 30. Qxe4 Rxe4 31. Be3 Re5 0-1

[Event "Knighthood Blitz"]
[Site "Vishy Anand Arena"]
[Date "2020.08.01"]
[Round "9"]
[White "Unforgettable"]
[Black "Superind2002"]
[Result "0-1"]
[WhiteElo "2079"]
[BlackElo "2228"]
[Annotator "NA"]
[PlyCount "98"]
[EventDate "2020.08.01"]
[EventType "swiss (blitz)"]

1. e4 e5 2. Nf3 Nc6 3. Bc4 Nf6 4. d3 Be7 5. O-O O-O 6. Re1 h6 7. h3 Re8 8. Bb3 Bf8 9. Nc3 d6 10. a4 a5 11. Bd2 Ne7 12. d4 exd4 13. Nxd4 Ng6 14. f4 c6 15. Qf3 Bd7 16. Rad1 Qc7 17. Qf2 c5 18. Ndb5 Bxb5 19. axb5 c4 20. Ba2 d5 21. e5 d4 22. exf6 dxc3 23. Bxc3 Nxf4 24. fxg7 Bc5 25. Bd4 Bxd4 26. Rxd4 Rxe1+ 27. Qxe1 Qc5 28. c3 Ne6 29. Qe4 Nxd4 30. cxd4 Qg5 31. Bb1 Qxg7 32. Qxb7 Qxd4+ 33. Kh2 Rd8 34. Qf3 Qe5+ 35. Qg3+ Qxg3+ 36. Kxg3 Rb8 37. Ba2 Rxb5 38. Bxc4 Rxb2 39. Kf3 a4 40. h4 a3 41. g4 a2 42. Bxa2 Rxa2 43. g5 hxg5 44. hxg5 Kg7 45. Kg4 Kg6 46. Kf4 Ra4+ 47. Kf3 Kxg5 48. Kg3 f5 49. Kf3 f4 0-1

[Event "Knighthood Blitz"]
[Site "Vishy Anand Arena"]
[Date "2020.08.01"]
[Round "9"]
[White "ASB"]
[Black "Mandrake"]
[Result "1-0"]
[WhiteElo "2030"]
[BlackElo "2174"]
[PlyCount "69"]
[EventDate "2020.08.01"]
[EventType "swiss (blitz)"]

1. d4 d5 2. Bf4 Nf6 3. e3 e6 4. Nf3 Bd6 5. Bg3 O-O 6. Bd3 c5 7. c3 Qc7 8. Nbd2 Nbd7 9. Qe2 e5 10. dxe5 Nxe5 11. Nxe5 Bxe5 12. Nf3 Bd6 13. O-O-O Re8 14. Bc2 Bd7 15. Qd3 Bc6 16. Ng5 h6 17. Nf3 Re6 18. Nh4 Ne4 19. Nf5 Be5 20. f3 Nf6 21. Bh4 Rae8 22. f4 c4 23. Qd2 Bd6 24. Nd4 Rxe3 25. Bxf6 gxf6 26. Kb1 Bxf4 27. Qf2 Bd7 28. Rhf1 Bxh2 29. Qxf6 Bg4 30. Qxh6 Bxd1 31. Bh7+ Kh8 32. Bg6+ Kg8 33. Qh7+ Kf8 34. Rxf7+ Qxf7 35. Qxf7# 1-0

[Event "Knighthood Blitz"]
[Site "Vishy Anand Arena"]
[Date "2020.08.01"]
[Round "9"]
[White "Toosieslide"]
[Black "Position"]
[Result "1-0"]
[WhiteElo "2007"]
[BlackElo "2077"]
[PlyCount "141"]
[EventDate "2020.08.01"]
[EventType "swiss (blitz)"]

1. d4 Nf6 2. c4 e6 3. g3 Bb4+ 4. Bd2 Bxd2+ 5. Qxd2 O-O 6. Bg2 c5 7. Nf3 d6 8. Nc3 Nbd7 9. O-O cxd4 10. Nxd4 Ne5 11. b3 a6 12. Rad1 Qc7 13. f4 Ng6 14. e4 Rd8 15. Nf3 Ne8 16. Qe3 b6 17. Rd2 Bb7 18. Rfd1 Ne7 19. Na4 Nc8 20. e5 d5 21. cxd5 Bxd5 22. Nd4 b5 23. Nc3 Ne7 24. Rc2 Qb7 25. Nxd5 Nxd5 26. Qf2 Rac8 27. Rdc1 Rxc2 28. Rxc2 Nec7 29. Nc6 Re8 30. Qa7 Qc8 31. Bxd5 exd5 32. Nd4 Qg4 33. Rxc7 Qd1+ 34. Kf2 Qh1 35. Nf3 Qa1 36. Rxf7 Qxa2+ 37. Kf1 Qb1+ 38. Ne1 Qg6 39. Rc7 Rf8 40. Qc5 h5 41. Qxd5+ Kh8 42. e6 h4 43. Rc5 hxg3 44. Qh5+ Qxh5 45. Rxh5+ Kg8 46. hxg3 Re8 47. Re5 g6 48. f5 gxf5 49. Nf3 Re7 50. Nd4 Re8 51. Nxf5 Kf8 52. e7+ Kg8 53. Nd6 Rb8 54. e8=Q+ Rxe8 55. Rxe8+ Kg7 56. Ra8 Kf6 57. Ra7 Ke5 58. Rxa6 b4 59. Nb5 Ke4 60. Ra4 Kd3 61. Rxb4 Kc2 62. Rc4+ Kb2 63. Rc7 Ka2 64. Nd6 Kb1 65. g4 Kb2 66. b4 Kb3 67. b5 Kb2 68. b6 Kb1 69. b7 Ka2 70. b8=Q Ka3 71. Ra7# 1-0

[Event "Knighthood Blitz"]
[Site "Vishy Anand Arena"]
[Date "2020.08.01"]
[Round "9"]
[White "DarkKnight8750"]
[Black "lnram"]
[Result "0-1"]
[WhiteElo "1996"]
[BlackElo "2356"]
[Annotator "NA"]
[PlyCount "52"]
[EventDate "2020.08.01"]
[EventType "swiss (blitz)"]

1. e4 c5 2. Nc3 e6 3. f4 d6 4. Nf3 Nc6 5. Bc4 Nf6 6. O-O d5 7. exd5 exd5 8. Bb5 Be7 9. Bxc6+ bxc6 10. Ne5 Qc7 11. Qf3 O-O 12. d3 Bd6 13. Qg3 Bf5 14. Bd2 Nd7 15. Rae1 f6 16. Nf3 Nb6 17. Qh4 Rae8 18. g4 Bc8 19. g5 Rxe1 20. Rxe1 fxg5 21. Nxg5 h6 22. Nf3 Bxf4 23. Re7 Qd6 24. Rxa7 Qg6+ 25. Kh1 Bg4 26. Bxf4 Bxf3# 0-1

[Event "Knighthood Blitz"]
[Site "Vishy Anand Arena"]
[Date "2020.08.01"]
[Round "9"]
[White "Whitefalcon"]
[Black "Varun_nair"]
[Result "0-1"]
[WhiteElo "1989"]
[BlackElo "1641"]
[PlyCount "62"]
[EventDate "2020.08.01"]
[EventType "swiss (blitz)"]

1. e4 e5 2. Nf3 Nc6 3. Bc4 Bc5 4. c3 Nf6 5. d3 a6 6. Bb3 Ba7 7. Nbd2 d6 8. Nf1 d5 9. Qe2 dxe4 10. dxe4 Bg4 11. h3 Bxf3 12. Qxf3 h6 13. Ng3 O-O 14. O-O Na5 15. Bc2 Nc4 16. Nf5 Nd2 17. Qg3 Nh5 18. Qg4 Nxf1 19. Nxh6+ Kh7 20. Qxh5 Ng3 21. Qf3 gxh6 22. Qxg3 Qf6 23. Be3 Rg8 24. Qh2 Bxe3 25. fxe3 Qb6 26. Qxe5 Rg5 27. Qf4 Qxb2 28. Qxf7+ Rg7 29. Qf5+ Kh8 30. Rb1 Qxc2 31. Rxb7 Qxg2# 0-1

[Event "Knighthood Blitz"]
[Site "Vishy Anand Arena"]
[Date "2020.08.01"]
[Round "9"]
[White "Zokapenzioner"]
[Black "Aradhya"]
[Result "1/2-1/2"]
[WhiteElo "1988"]
[BlackElo "2256"]
[PlyCount "81"]
[EventDate "2020.08.01"]
[EventType "swiss (blitz)"]

1. Nf3 d5 2. g3 Nf6 3. Bg2 g6 4. c4 Bg7 5. cxd5 O-O 6. d4 Nxd5 7. O-O Nb6 8. Nc3 Nc6 9. d5 Nb4 10. e4 c6 11. a3 Na6 12. Bg5 cxd5 13. exd5 h6 14. Bf4 Nc7 15. d6 exd6 16. Bxd6 Re8 17. Bf4 Ne6 18. Bc1 Bd7 19. Qc2 Bc6 20. Rd1 Qe7 21. Be3 Nc4 22. Bc1 Rac8 23. Nd2 Nd4 24. Qd3 Ne5 25. Qf1 Nef3+ 26. Nxf3 Nxf3+ 27. Kh1 Qe5 28. Be3 a6 29. Rab1 Qf5 30. Rbc1 h5 31. h4 Ne5 32. Bxc6 Rxc6 33. Qg2 Nf3 34. Rd2 Nxd2 35. Bxd2 Rd8 36. Be3 Rd7 37. Re1 Re6 38. Rc1 Rc6 39. Re1 Re7 40. Rd1 Rd7 41. Re1 1/2-1/2

[Event "Knighthood Blitz"]
[Site "Vishy Anand Arena"]
[Date "2020.08.01"]
[Round "9"]
[White "Zanta"]
[Black "ItsTime"]
[Result "0-1"]
[WhiteElo "1971"]
[BlackElo "2130"]
[PlyCount "70"]
[EventDate "2020.08.01"]
[EventType "swiss (blitz)"]

1. e4 c6 2. d4 d5 3. Nc3 dxe4 4. Nxe4 Bf5 5. Ng3 Bg6 6. h4 h6 7. Nf3 e6 8. Ne5 Bh7 9. Bf4 Nd7 10. Qd2 Nxe5 11. Bxe5 Nf6 12. O-O-O Bd6 13. f4 Qc7 14. Kb1 O-O-O 15. Bd3 Bxd3 16. Qxd3 c5 17. Bxd6 Rxd6 18. Qe3 Rhd8 19. Ne2 Qb6 20. c3 Nd5 21. Qg3 cxd4 22. Nxd4 Kb8 23. f5 Ka8 24. fxe6 fxe6 25. Ka1 R6d7 26. Rhe1 Nc7 27. Re5 Nb5 28. a3 Nxd4 29. cxd4 Rxd4 30. Rxd4 Qxd4 31. Qxg7 a6 32. g4 Rc8 33. Rg5 Qd1+ 34. Ka2 hxg5 35. Qxg5 Rc1 0-1

[Event "Knighthood Blitz"]
[Site "Vishy Anand Arena"]
[Date "2020.08.01"]
[Round "9"]
[White "Kadamomm"]
[Black "Thrish"]
[Result "0-1"]
[WhiteElo "1964"]
[BlackElo "1886"]
[PlyCount "56"]
[EventDate "2020.08.01"]
[EventType "swiss (blitz)"]

1. e4 e6 2. d4 d5 3. Nd2 Be7 4. Bd3 Nf6 5. Ne2 dxe4 6. Nxe4 Nbd7 7. O-O b6 8. N2g3 Bb7 9. Re1 O-O 10. Bf4 Nxe4 11. Nxe4 Nf6 12. Nxf6+ Bxf6 13. c3 Rc8 14. Qg4 c5 15. dxc5 Qxd3 16. cxb6 axb6 17. Rad1 Qg6 18. Qh3 Rfd8 19. a3 b5 20. f3 h6 21. Rc1 Rd3 22. Kf1 Rcd8 23. Ra1 Bd5 24. a4 Bc4 25. Kf2 b4 26. cxb4 Bd4+ 27. Be3 Rxe3 28. Rxe3 Qc2+ 0-1

[Event "Knighthood Blitz"]
[Site "Vishy Anand Arena"]
[Date "2020.08.01"]
[Round "9"]
[White "Suvrajit Saha"]
[Black "Vishveshk"]
[Result "1-0"]
[WhiteElo "1953"]
[BlackElo "1824"]
[PlyCount "49"]
[EventDate "2020.08.01"]
[EventType "swiss (blitz)"]

1. c4 e6 2. Nc3 Nf6 3. d4 d5 4. Bf4 Be7 5. e3 O-O 6. Nf3 c6 7. h3 Nbd7 8. Rc1 a6 9. a3 dxc4 10. Bxc4 c5 11. O-O b5 12. Ba2 c4 13. Bb1 Bb7 14. e4 Rc8 15. Re1 Qb6 16. Qc2 g6 17. d5 Nc5 18. d6 Bxd6 19. Bxd6 Qxd6 20. e5 Qc6 21. exf6 Nd3 22. Qd2 Nxe1 23. Qh6 Nxf3+ 24. gxf3 Qxf3 25. Qg7# 1-0

[Event "Knighthood Blitz"]
[Site "Vishy Anand Arena"]
[Date "2020.08.01"]
[Round "9"]
[White "kngopal"]
[Black "Savithashri"]
[Result "0-1"]
[WhiteElo "1933"]
[BlackElo "1964"]
[PlyCount "66"]
[EventDate "2020.08.01"]
[EventType "swiss (blitz)"]

1. e4 c5 2. Nf3 e6 3. d4 cxd4 4. Nxd4 a6 5. Bd3 Bc5 6. Nb3 Be7 7. O-O d6 8. Nc3 Nf6 9. f4 Qc7 10. Kh1 Nbd7 11. Qe2 b5 12. f5 Ne5 13. fxe6 Bxe6 14. Nd4 O-O 15. Nxe6 fxe6 16. h3 b4 17. Nd1 d5 18. Bf4 Bd6 19. exd5 exd5 20. Bg5 Nxd3 21. Qxd3 Ne4 22. Qxd5+ Kh8 23. Rxf8+ Rxf8 24. Ne3 Nf2+ 25. Kg1 Bh2+ 26. Kf1 Nxh3+ 27. Ke2 Nxg5 28. Qxg5 Bf4 29. Rf1 h6 30. Qd5 Re8 31. Rf3 Qxc2+ 32. Kf1 Bxe3 33. Rxe3 Qc1+ 0-1

[Event "Knighthood Blitz"]
[Site "Vishy Anand Arena"]
[Date "2020.08.01"]
[Round "9"]
[White "kingofall"]
[Black "Swayham"]
[Result "1-0"]
[WhiteElo "1921"]
[BlackElo "1927"]
[PlyCount "83"]
[EventDate "2020.08.01"]
[EventType "swiss (blitz)"]

1. e4 c5 2. Nf3 d6 3. d4 cxd4 4. Nxd4 Nf6 5. Nc3 a6 6. Be3 e5 7. Nf3 h6 8. Be2 Qc7 9. a4 Be6 10. a5 Nbd7 11. O-O Be7 12. Nd2 O-O 13. f4 exf4 14. Bxf4 Ne5 15. Nf3 Rac8 16. Nd4 Bd7 17. Bxe5 dxe5 18. Nf5 Bxf5 19. Rxf5 Rfd8 20. Qf1 Qc5+ 21. Kh1 Qe3 22. Bd3 Qd4 23. Rd1 Qb4 24. Nd5 Nxd5 25. exd5 f6 26. b3 e4 27. Rf4 Qxa5 28. Rxe4 Bd6 29. Qf5 Be5 30. Rxe5 fxe5 31. Qh7+ Kf7 32. Rf1+ Ke7 33. Qxg7+ Kd6 34. Qf6+ Kc7 35. Qxe5+ Kb6 36. Qe3+ Kc7 37. Qf4+ Kb6 38. Qf6+ Ka7 39. Ra1 Qxd5 40. Bxa6 bxa6 41. Qxa6+ Kb8 42. Qa7# 1-0

[Event "Knighthood Blitz"]
[Site "Vishy Anand Arena"]
[Date "2020.08.01"]
[Round "9"]
[White "thor_attack"]
[Black "Vignesh nr"]
[Result "0-1"]
[WhiteElo "1891"]
[BlackElo "2355"]
[PlyCount "88"]
[EventDate "2020.08.01"]
[EventType "swiss (blitz)"]

1. e4 c5 2. Nc3 d6 3. g3 Nc6 4. Bg2 g6 5. d3 Bg7 6. Be3 e6 7. Qd2 h5 8. h3 Nge7 9. Nge2 Nd4 10. O-O Rb8 11. Nc1 b5 12. Nd1 b4 13. c3 bxc3 14. bxc3 Ndc6 15. Ne2 Ba6 16. f4 O-O 17. g4 hxg4 18. hxg4 d5 19. exd5 Nxd5 20. Bxc5 Re8 21. Ne3 Qa5 22. Nxd5 Qxc5+ 23. Qe3 Qxe3+ 24. Nxe3 Rec8 25. Be4 f5 26. gxf5 gxf5 27. Bxc6 Rxc6 28. Rab1 Rxb1 29. Rxb1 Bxd3 30. Rb8+ Kh7 31. Nd4 Ra6 32. Rb7 Kg6 33. Ng2 Bxd4+ 34. cxd4 Rxa2 35. Nh4+ Kf6 36. Nf3 Be4 37. d5 Bxd5 38. Rb3 Bxb3 39. Nd4 Bd5 40. Nb5 a5 41. Nc7 a4 42. Nxd5+ exd5 43. Kf1 a3 44. Ke1 Rb2 0-1

[Event "Knighthood Blitz"]
[Site "Vishy Anand Arena"]
[Date "2020.08.01"]
[Round "9"]
[White "Twobrothers"]
[Black "Phoenix92"]
[Result "0-1"]
[WhiteElo "1826"]
[BlackElo "2449"]
[Annotator "NA"]
[PlyCount "110"]
[EventDate "2020.08.01"]
[EventType "swiss (blitz)"]

1. e4 c5 2. d4 cxd4 3. c3 dxc3 4. Nxc3 Nc6 5. Nf3 d6 6. Bc4 e6 7. O-O a6 8. Qe2 Nf6 9. Rd1 Bd7 10. h3 Qb8 11. Bf4 Ne5 12. Bb3 Be7 13. Rac1 O-O 14. Be3 b5 15. Nd4 Rc8 16. Bf4 Qb7 17. Nf3 Nc4 18. Bxc4 Rxc4 19. Bxd6 Bxd6 20. e5 Be7 21. exf6 Bxf6 22. Ne5 Bxe5 23. Qxe5 Rac8 24. Ne2 Rxc1 25. Rxc1 f6 26. Qd6 Rxc1+ 27. Nxc1 Qc6 28. Qxc6 Bxc6 29. Nd3 e5 30. b4 Bb7 31. Nc5 Bc8 32. Kf1 Kf8 33. Ke2 Ke7 34. Ke3 Kd6 35. a3 a5 36. Ne4+ Kc6 37. bxa5 Be6 38. f4 exf4+ 39. Kxf4 Bd5 40. Nc3 Bxg2 41. h4 Bf1 42. h5 Kb7 43. Kf5 Ka6 44. h6 gxh6 45. Kxf6 Kxa5 46. Kf5 Bh3+ 47. Kf4 Be6 48. Kg3 Kb6 49. Kh4 Bf7 50. Ne4 Kc6 51. Kg4 Bg6 52. Nc3 Kc5 53. Kf4 Kc4 54. Ne4 Bxe4 55. Kxe4 Kb3 0-1

[Event "Knighthood Blitz"]
[Site "Vishy Anand Arena"]
[Date "2020.08.01"]
[Round "9"]
[White "Thee_Riddler"]
[Black "Vikas2200"]
[Result "0-1"]
[WhiteElo "1819"]
[BlackElo "1872"]
[Annotator "NA"]
[PlyCount "78"]
[EventDate "2020.08.01"]
[EventType "swiss (blitz)"]

1. e4 e5 2. Nf3 Nc6 3. Bb5 Nf6 4. d3 Bc5 5. O-O O-O 6. h3 d6 7. c3 Bb6 8. Nbd2 Ne7 9. Re1 c6 10. Ba4 Ng6 11. Nf1 Nf4 12. Ng3 Re8 13. Bb3 a5 14. Ng5 Ne6 15. Nf5 h6 16. Nxe6 Bxe6 17. Bc2 Qd7 18. Qf3 Bxf5 19. exf5 d5 20. Qg3 Kh7 21. Rxe5 Rxe5 22. Qxe5 Re8 23. Qf4 Re1+ 24. Kh2 Bc7 25. Qxc7 Qxc7+ 26. g3 Re2 27. Bf4 Rxf2+ 28. Kg1 Rxf4 29. gxf4 Qxf4 30. Kg2 Qd2+ 31. Kf3 Qxc2 32. Re1 Qxd3+ 33. Re3 Qxf5+ 34. Ke2 Qc2+ 35. Kf3 g5 36. Re7 Kg6 37. Rxb7 Ne4 38. Rb6 Qf2+ 39. Kg4 h5# 0-1

[Event "Knighthood Blitz"]
[Site "Vishy Anand Arena"]
[Date "2020.08.01"]
[Round "9"]
[White "Anandfan"]
[Black "Architsaigal"]
[Result "1-0"]
[WhiteElo "1809"]
[BlackElo "1589"]
[Annotator "NA"]
[PlyCount "51"]
[EventDate "2020.08.01"]
[EventType "swiss (blitz)"]

1. d4 d5 2. Nc3 Nf6 3. Bg5 c5 4. e3 Nc6 5. Nf3 h6 6. Bf4 e6 7. Bb5 Bd6 8. Bxc6+ bxc6 9. Ne5 Qc7 10. Qf3 cxd4 11. exd4 Rb8 12. O-O O-O 13. Bxh6 Bxe5 14. dxe5 Qxe5 15. Bf4 Qf5 16. Bxb8 Qxc2 17. Be5 Qxb2 18. Bxf6 gxf6 19. Qxf6 c5 20. Rae1 Qc2 21. Re5 Qh7 22. Rg5+ Qg6 23. Rxg6+ fxg6 24. Qxg6+ Kh8 25. Re1 Rg8 26. Qh6# 1-0

[Event "Knighthood Blitz"]
[Site "Vishy Anand Arena"]
[Date "2020.08.01"]
[Round "9"]
[White "Krithigga2001"]
[Black "ABCD64"]
[Result "1-0"]
[WhiteElo "1802"]
[BlackElo "1627"]
[Annotator "NA"]
[PlyCount "59"]
[EventDate "2020.08.01"]
[EventType "swiss (blitz)"]

1. c4 e6 2. g3 d5 3. Bg2 Nf6 4. Nf3 Be7 5. b3 O-O 6. Bb2 c5 7. O-O d4 8. b4 d3 9. exd3 Qxd3 10. Ne5 Qd8 11. bxc5 Bxc5 12. d4 Bd6 13. Qb3 Qc7 14. Nd2 Nc6 15. Nxc6 bxc6 16. Rab1 Rb8 17. Qa4 Bd7 18. Qc2 e5 19. c5 Be7 20. dxe5 Nd5 21. Ne4 Nb4 22. Qa4 Nd3 23. Bc3 Nxc5 24. Nxc5 Bxc5 25. Rbd1 Bb6 26. Bb4 Rfe8 27. Bd6 Qb7 28. Bxb8 Rxb8 29. Qa3 Bg4 30. Rd2 1-0

[Event "Knighthood Blitz"]
[Site "Vishy Anand Arena"]
[Date "2020.08.01"]
[Round "9"]
[White "Arunava"]
[Black "hussaini786"]
[Result "0-1"]
[WhiteElo "1774"]
[BlackElo "1761"]
[Annotator "NA"]
[PlyCount "140"]
[EventDate "2020.08.01"]
[EventType "swiss (blitz)"]

1. d4 e6 2. c4 d5 3. Nf3 c6 4. e3 Nf6 5. Nc3 Bd6 6. Qc2 Nbd7 7. Bd3 dxc4 8. Bxc4 O-O 9. O-O e5 10. dxe5 Nxe5 11. Nxe5 Bxe5 12. f4 Bc7 13. Rd1 Qe7 14. e4 Bg4 15. Be2 Bxe2 16. Qxe2 Rad8 17. e5 Nd5 18. Nxd5 Rxd5 19. Rxd5 cxd5 20. Be3 Qb4 21. Rd1 Bb6 22. Bxb6 Qxb6+ 23. Qf2 d4 24. Qxd4 Qa6 25. a3 h6 26. f5 Re8 27. f6 Qe6 28. fxg7 Qxe5 29. Qxe5 Rxe5 30. Rd7 Rb5 31. b4 Kxg7 32. Kf2 a5 33. bxa5 Rxa5 34. Rxb7 Rxa3 35. g3 Rc3 36. Kg2 Rd3 37. Kh3 Rd5 38. Kh4 Rd4+ 39. g4 Rd2 40. h3 Rd3 41. Rb6 Rd5 42. Rc6 Re5 43. Rc4 Rd5 44. Rf4 Rd3 45. Rf5 Re3 46. Ra5 Rf3 47. Rb5 Rf6 48. Kg3 Re6 49. Kf3 Kg6 50. h4 Rd6 51. h5+ Kg7 52. Rf5 Rd3+ 53. Ke4 Rc3 54. Kf4 Rc4+ 55. Ke5 Rc3 56. Kf4 Rc4+ 57. Kg3 Rc1 58. Kh3 Rh1+ 59. Kg3 Rd1 60. Kh3 Rd3+ 61. Kh4 Rd2 62. Kh3 Rd1 63. Kg3 Rg1+ 64. Kh3 Rd1 65. Kh4 Rd3 66. Rb5 Re3 67. Rc5 Re1 68. Ra5 Rh1+ 69. Kg3 Re1 70. Kh4 Re3 0-1

[Event "Knighthood Blitz"]
[Site "Vishy Anand Arena"]
[Date "2020.08.01"]
[Round "9"]
[White "Rahulraj"]
[Black "Rishila"]
[Result "0-1"]
[WhiteElo "1764"]
[BlackElo "1857"]
[Annotator "NA"]
[PlyCount "82"]
[EventDate "2020.08.01"]
[EventType "swiss (blitz)"]

1. d4 Nf6 2. Bf4 d6 3. Nf3 g6 4. e3 Bg7 5. Bd3 O-O 6. Nbd2 b6 7. h4 Bb7 8. h5 gxh5 9. e4 Nbd7 10. Ng5 e5 11. Be3 exd4 12. Bxd4 Ne5 13. Bxe5 dxe5 14. g4 Nxg4 15. Rxh5 Nf6 16. Rh2 h6 17. Ngf3 Ng4 18. Rg2 h5 19. Nh4 Qxh4 20. Nf3 Qf6 21. Qe2 Bh6 22. Kd1 Rad8 23. c4 Qd6 24. Kc2 Kh8 25. Rh1 Qg6 26. Nxe5 Qg5 27. f4 Qxf4 28. Nxg4 hxg4 29. Rxg4 Qf6 30. Qe1 Rxd3 31. Rxh6+ Qxh6 32. Rh4 Rh3 33. Rxh6+ Rxh6 34. Qe3 Rg6 35. Qd4+ Kg8 36. e5 Rg2+ 37. Kc3 Bc6 38. b4 Rg3+ 39. Kb2 Rg2+ 40. Kb3 a6 41. Kc3 Re8 0-1

[Event "Knighthood Blitz"]
[Site "Vishy Anand Arena"]
[Date "2020.08.01"]
[Round "9"]
[White "Sairam Ramabadra"]
[Black "Shiv01"]
[Result "0-1"]
[WhiteElo "1761"]
[BlackElo "2021"]
[Annotator "NA"]
[PlyCount "152"]
[EventDate "2020.08.01"]
[EventType "swiss (blitz)"]

1. e4 c5 2. Nf3 d6 3. d4 cxd4 4. Nxd4 Nf6 5. Nc3 a6 6. Be2 e6 7. O-O Be7 8. a4 Qc7 9. Be3 b6 10. f4 Nbd7 11. Bf3 Bb7 12. Qe1 O-O 13. Nb3 Rac8 14. g4 d5 15. e5 Ne4 16. Bxe4 dxe4 17. Nd4 Bc5 18. Qf2 Rfd8 19. Nde2 Bxe3 20. Qxe3 Qc5 21. Qxc5 Nxc5 22. Rfd1 Kf8 23. Kf2 Ke7 24. Ke3 f5 25. exf6+ gxf6 26. b4 Nd7 27. Nxe4 Bxe4 28. Kxe4 Rc4+ 29. Ke3 Rxb4 30. Nd4 Rc8 31. Rab1 Rxb1 32. Rxb1 Kd6 33. Kd3 Nc5+ 34. Ke3 Nxa4 35. Rb4 b5 36. f5 e5 37. Nf3 Nc3 38. Rb3 Nd5+ 39. Kd2 Rc4 40. g5 fxg5 41. Nxg5 Rf4 42. Nxh7 Rf2+ 43. Ke1 Rxf5 44. h4 Nf4 45. Rg3 Rh5 46. Nf6 Rxh4 47. Ne4+ Kd5 48. Nf2 Kc4 49. Rg4 Rh8 50. Rg5 Rf8 51. Rxe5 Ng2+ 52. Kf1 Nf4 53. Re4+ Kd5 54. Re3 Ne6 55. Rf3 Ke5 56. Ke1 Rxf3 57. Ke2 Rxf2+ 58. Kxf2 Nd4 59. Ke3 Nb3 60. Kd3 Nc5+ 61. Kc3 Kd5 62. Kb2 a5 63. Ka3 a4 64. Kb2 Kc6 65. Kc1 b4 66. Kd2 Kb5 67. Ke3 a3 68. Kf4 a2 69. Kg5 a1=Q 70. Kh6 Qc3 71. Kh7 Qxc2+ 72. Kh6 b3 73. Kg7 b2 74. Kh6 b1=Q 75. Kg7 Qg1+ 76. Kh6 Qcf2 0-1

[Event "Knighthood Blitz"]
[Site "Vishy Anand Arena"]
[Date "2020.08.01"]
[Round "9"]
[White "Setumadhav"]
[Black "Tapa1964"]
[Result "1-0"]
[WhiteElo "1734"]
[BlackElo "1932"]
[Annotator "NA"]
[PlyCount "57"]
[EventDate "2020.08.01"]
[EventType "swiss (blitz)"]

1. d4 Nf6 2. Bf4 e6 3. e3 c5 4. c3 d5 5. Nd2 Nc6 6. Ngf3 Bd6 7. Bg3 O-O 8. Bd3 Re8 9. Ne5 Qc7 10. f4 cxd4 11. exd4 Nd7 12. Bxh7+ Kf8 13. Bd3 Bxe5 14. fxe5 Qb6 15. Rb1 Ke7 16. Nf3 Nf8 17. O-O Bd7 18. Ng5 f6 19. exf6+ gxf6 20. Qf3 f5 21. Qe3 Kd8 22. Nf7+ Ke7 23. Nd6 Kd8 24. Qg5+ Re7 25. Qf6 Nh7 26. Qh8+ Be8 27. Nxe8 Rxe8 28. Qxh7 Nxd4 29. Qh4+ 1-0

[Event "Knighthood Blitz"]
[Site "Vishy Anand Arena"]
[Date "2020.08.01"]
[Round "9"]
[White "Vishvajeet Singh"]
[Black "Quality_959"]
[Result "1-0"]
[WhiteElo "1693"]
[BlackElo "1498"]
[Annotator "NA"]
[PlyCount "103"]
[EventDate "2020.08.01"]
[EventType "swiss (blitz)"]

1. e4 c6 2. d4 d5 3. Nc3 dxe4 4. Nxe4 Nf6 5. Nxf6+ exf6 6. c3 Bd6 7. Bd3 O-O 8. Ne2 Re8 9. O-O Bg4 10. f3 Be6 11. Bf4 Bxf4 12. Nxf4 Nd7 13. Qc2 h6 14. Nh5 Nf8 15. f4 Bg4 16. Ng3 Qd6 17. h3 Be6 18. Rf3 Bd5 19. Rf2 Re3 20. Nf5 Qd7 21. Nxe3 Re8 22. Nxd5 Qxd5 23. Raf1 Rd8 24. Be4 Qxa2 25. g4 Qe6 26. Re2 Qd6 27. Kg2 b6 28. Rf3 c5 29. dxc5 Qxc5 30. Rd3 Rxd3 31. Qxd3 h5 32. Qd5 Qc7 33. Qf5 hxg4 34. hxg4 Ng6 35. Kf3 Nh4+ 36. Kg3 Nxf5+ 37. Bxf5 g6 38. Be4 g5 39. Rf2 gxf4+ 40. Rxf4 Qe5 41. Kf3 Kg7 42. Rf5 Qh2 43. Rh5 Qxb2 44. Rh7+ Kf8 45. Rh8+ Ke7 46. Rc8 a5 47. Rc7+ Ke6 48. Rc6+ Ke7 49. Rc7+ Kf8 50. Rc8+ Kg7 51. Rc6 b5 52. Rc5 1-0

[Event "Knighthood Blitz"]
[Site "Vishy Anand Arena"]
[Date "2020.08.01"]
[Round "9"]
[White "Sidba"]
[Black "Hamza dhariwala"]
[Result "1-0"]
[WhiteElo "1680"]
[BlackElo "1291"]
[Annotator "NA"]
[PlyCount "51"]
[EventDate "2020.08.01"]
[EventType "swiss (blitz)"]

1. e4 e5 2. Nf3 Nc6 3. Bc4 Nf6 4. d3 Bc5 5. O-O O-O 6. Nc3 a6 7. a4 b5 8. axb5 Nd4 9. Nxe5 d6 10. Nf3 Be6 11. bxa6 Bxc4 12. dxc4 d5 13. cxd5 Re8 14. Nxd4 Bxd4 15. Qxd4 c6 16. Bg5 h6 17. Bxf6 Qxf6 18. Qxf6 gxf6 19. dxc6 Rac8 20. a7 Rxc6 21. a8=Q Rxa8 22. Rxa8+ Kg7 23. Nd5 Kg6 24. h4 f5 25. Ne7+ Kf6 26. Nxc6 1-0

[Event "Knighthood Blitz"]
[Site "Vishy Anand Arena"]
[Date "2020.08.01"]
[Round "9"]
[White "Ishan2559"]
[Black "ElectroWizzard"]
[Result "1-0"]
[WhiteElo "1678"]
[BlackElo "1733"]
[Annotator "NA"]
[PlyCount "91"]
[EventDate "2020.08.01"]
[EventType "swiss (blitz)"]

1. e4 c5 2. Nf3 g6 3. d4 cxd4 4. Nxd4 Bg7 5. Nc3 Nc6 6. Be3 Nf6 7. Bb5 O-O 8. O-O a6 9. Ba4 b5 10. Bb3 Bb7 11. f3 Rc8 12. Re1 Ne5 13. Nde2 Nc4 14. Bc1 d6 15. a3 Qc7 16. Nf4 e6 17. Na2 Rfd8 18. Nb4 d5 19. exd5 exd5 20. Qe2 Re8 21. Qd1 Rxe1+ 22. Qxe1 a5 23. Nbd3 a4 24. Bxc4 dxc4 25. Nb4 Qc5+ 26. Be3 Qc7 27. Qf2 Bh6 28. Qd2 Rd8 29. Qc1 Bg7 30. c3 Nd5 31. Nfxd5 Bxd5 32. Nxd5 Rxd5 33. Bf2 Rd3 34. Qe1 Qd7 35. h3 Bh6 36. Bd4 Bg7 37. Bxg7 Kxg7 38. Qe5+ f6 39. Qe1 Rd2 40. Rb1 Qd3 41. Qe7+ Kh6 42. Qf8+ Kg5 43. f4+ Kh5 44. Rf1 Qe3+ 45. Kh1 Qe2 46. Rg1 1-0

[Event "Knighthood Blitz"]
[Site "Vishy Anand Arena"]
[Date "2020.08.01"]
[Round "9"]
[White "theraisingsun"]
[Black "Junosource"]
[Result "1-0"]
[WhiteElo "1674"]
[BlackElo "2025"]
[PlyCount "77"]
[EventDate "2020.08.01"]
[EventType "swiss (blitz)"]

1. b3 e5 2. Bb2 Nc6 3. g3 d5 4. Bg2 Nf6 5. e3 Bg4 6. Ne2 Qd7 7. O-O h5 8. h4 Bd6 9. f3 Bh3 10. f4 e4 11. Nbc3 Ne7 12. a4 c6 13. a5 a6 14. Na4 Nc8 15. Nd4 Bg4 16. Qe1 Qc7 17. Nc3 Ne7 18. d3 c5 19. Nde2 Nf5 20. Qd2 Nxe3 21. Qxe3 d4 22. Qd2 e3 23. Qe1 dxc3 24. Nxc3 O-O 25. Qxe3 c4 26. bxc4 Rfe8 27. Qd2 Bc5+ 28. d4 Rad8 29. Nd5 Nxd5 30. Bxd5 Ba7 31. Rae1 Bh3 32. Rf2 Qd7 33. Bc3 Qg4 34. Kh2 Qf5 35. Rfe2 Rxe2+ 36. Qxe2 Bg4 37. Qe7 Rd7 38. Qe8+ Kh7 39. Be4 1-0